Music Quiz

Random Music or Rock Quiz

Ranker's 25 Greatest Guitarists Quiz Stats

 Plays Quiz Updated Aug 13, 2018

Score 0/25 Timer 06:00
6 Plays Today
Rank Guitarist % Correct
1Jimi Hendrix
97.5%
3Eric Clapton
94.2%
2Jimmy Page
85.5%
5Eddie Van Halen
85%
22George Harrison
84%
8Carlos Santana
81%
18Slash
80.7%
10Brian May
71.2%
12Angus Young
68.3%
15Chuck Berry
64.4%
17Pete Townshend
57.4%
11Mark Knopfler
56.2%
6David Gilmour
52.2%
Rank Guitarist % Correct
4Stevie Ray Vaughan
45.1%
7B.B. King
39.4%
19Tony Iommi
37.6%
14Duane Allman
35.3%
21Ritchie Blackmore
30.2%
23Alex Lifeson
28.7%
9Jeff Beck
22%
25Buddy Guy
19.5%
13Les Paul
14.7%
24Steve Vai
14.7%
16Randy Rhoads
13.9%
20Joe Satriani
13.8%

You're not logged in!

Compare scores with friends on all Sporcle quizzes.
OR
Log In

Sporcle TV

Today on Sporcle TV


Watch our educational content, quiz creation guides, and fun videos on Sporcle TV.

Show Comments

Extras

Top Quizzes Today


Score Distribution

Your Account Isn't Verified!

In order to create a playlist on Sporcle, you need to verify the email address you used during registration. Go to your Sporcle Settings to finish the process.

Report this User

Report this user for behavior that violates our Community Guidelines.

Details: